María de Mendoza (Record no. 54398)
[ view plain ]
| 000 -LEADER | |
|---|---|
| campo de control de longitud fija | 00619nam a22002051i 4500 |
| 001 - NÚMERO DE CONTROL | |
| campo de control | 54398 |
| 003 - IDENTIFICADOR DE NÚMERO DE CONTROL | |
| campo de control | ES-MaACL |
| 005 - FECHA Y HORA DE LA ÚLTIMA TRANSACCIÓN | |
| campo de control | 20231218201511.0 |
| 007 - CAMPO FIJO DE DESCRIPCIÓN FÍSICA--INFORMACIÓN GENERAL | |
| campo de control de longitud fija | t| |
| 008 - DATOS DE LONGITUD FIJA--INFORMACIÓN GENERAL | |
| campo de control de longitud fija | 900725s1979 sp ||||0|bspa d |
| 020 ## - NÚMERO INTERNACIONAL ESTÁNDAR DEL LIBRO | |
| Número Internacional Estándar del Libro | 84-7035-056-0 |
| 080 ## - NÚMERO DE LA CLASIFICACIÓN DECIMAL UNIVERSAL | |
| Número de la Clasificación Decimal Universal | 929 Mendoza, María de |
| 100 1# - ENTRADA PRINCIPAL--NOMBRE DE PERSONA | |
| Nombre de persona | Formica, Mercedes, |
| Fechas asociadas al nombre | 1913-2002 |
| 9 (RLIN) | 155403 |
| 245 10 - MENCIÓN DEL TÍTULO | |
| Título | María de Mendoza |
| Resto del título | : (solución a un enigma amoroso) / |
| Mención de responsabilidad, etc. | [por] Mercedes Fórmica. |
| 260 ## - PUBLICACIÓN, DISTRIBUCIÓN, ETC. | |
| Lugar de publicación, distribución, etc. | Madrid : |
| Nombre del editor, distribuidor, etc. | Caro Raggio, |
| Fecha de publicación, distribución, etc. | [1979] |
| 300 ## - DESCRIPCIÓN FÍSICA | |
| Extensión | 379 p., 1 h ; |
| Dimensiones | 19 cm. |
| 600 14 - PUNTO DE ACCESO ADICIONAL DE MATERIA--NOMBRE DE PERSONA | |
| Nombre de persona | Mendoza, María de. |
| 9 (RLIN) | 80254 |
| 852 ## - LOCALIZACIÓN | |
| Ubicación | ES-MaACL |
| Número de control de estantería | A-10682 |
| Estatus retirado | Estado de pérdida | Estado de daño | No para préstamo | Biblioteca de origen | Biblioteca actual | Ubicación en estantería | Fecha de adquisición | Fuente de adquisición | Total de préstamos | Signatura topográfica completa | Código de barras | Visto por última vez | Precio de reemplazo | Tipo de ítem Koha |
|---|---|---|---|---|---|---|---|---|---|---|---|---|---|---|
| Biblioteca del Ateneo de Madrid | Biblioteca del Ateneo de Madrid | Depósito 1 | 17/01/2008 | A-10682 | 1057162 | 23/02/2023 | 23/02/2023 | Libro impreso |
